Ergodic theory : a seminar /
Guardado en:
| Autor Principal: | |
|---|---|
| Autor Corporativo: | |
| Otros Autores: | , |
| Formato: | Libro |
| Idioma: | English |
| Publicado: |
New York :
Courant Institute of Mathematical Sciences, New York University,
1975.
|
| Materias: | |
| Etiquetas: |
Agregar Etiqueta
Sin Etiquetas, Sea el primero en etiquetar este registro!
|
| LEADER | 01127cam a2200265 a 4500 | ||
|---|---|---|---|
| 001 | MAT.inmabb004704 | ||
| 008 | 750807s1975####nyu######b####000#0#eng## | ||
| 005 | 20170623144644.0 | ||
| 245 | 1 | 0 | |a Ergodic theory : |b a seminar / |c J. Moser, E. Phillips, and S. Varadhan. |
| 260 | |a New York : |b Courant Institute of Mathematical Sciences, New York University, |c 1975. | ||
| 300 | |a v, 131 p. ; |c 28 cm. | ||
| 500 | |a "This report is the product of the Ergodic Theory Seminar held at the Courant Institute, 1973-74. The initial objective of this seminar was to present a simple account of Ornstein's theorem on the isomorphism of Bernoulli shifts."--Preface. | ||
| 504 | |a Incluye referencias bibliográficas. | ||
| 510 | 4 | |a MR, |c 58 #6177 | |
| 100 | 1 | |a Moser, Jürgen, |d 1928- | |
| 700 | 1 | |a Phillips, Edward, |d 1945- | |
| 700 | 1 | |a Varadhan, S. R. S. | |
| 710 | 2 | |a Courant Institute of Mathematical Sciences. | |
| 650 | 0 | |a Ergodic theory. | |
| 650 | 0 | |a Isomorphisms (Mathematics) | |
| 650 | 0 | |a Bernoulli shifts. | |
| 084 | |a 28A65 (58F15) |2 MR | ||
| 010 | |a 75321291 | ||
| 040 | |a DLC |c DLC |d DLC | ||
| 859 | |h 28 |i M899 |p A-4440 |b BIB. MATEMATICA | ||
